| 000 | 00761nam a2200229Ia 4500 | ||
|---|---|---|---|
| 003 | GCL | ||
| 008 | 140319s9999 xx 000 0 ara d | ||
| 040 |
_aGCL / _cGCL |
||
| 082 | 0 | 4 |
_a333.8 _bم ت |
| 100 | 1 | _aمحمد سميح عافية | |
| 245 | 1 | 0 |
_aتنمية الموارد المعدنية فى الوطن العربى / _cمحمد سميح عافية |
| 700 | 1 | _aاحمد عمران منصور | |
| 260 |
_a[S.N] : _bمعهد البحوث والدراسات العربية ، _c1977 |
||
| 300 | _a727 ص | ||
| 490 | _a | ||
| 650 | 0 | 4 | _aالاقتصاد |
| 650 | 0 | 4 | _aالوطن العربى |
| 650 | 0 | 4 | _aالموارد |
| 650 | 0 | 4 | _aالموارد المعدنية |
| 650 | 0 | 4 | _aتنمية الموارد المعدنية |
| 942 |
_2ddc _cBK |
||
| 999 |
_c30649 _d30649 |
||